000 00955cad a22002295a 4500
001 L144280
008 080708s2008 xxkad f s 000 0 eng d
035 _a(Sirsi) u144280
041 0 _aeng
050 0 4 _a333.33 $2 18
110 2 _aInvestment Property Databank
_92288
245 0 0 _aIPD UK monthly property index
_bend May 2008
_h[electronic resource]
260 _aLondon
_bIPD
_c2008
490 0 _aIPD UK Monthly Property Index
_vMay 2008
520 _aReports that the Index saw a total return of -0.7% m/m in May 2008, slightly lower than the -0.5% m/m return recorded in April. This continues the broadly upward trend seen since the -3.7% return in December 2007.
590 _aKA
650 2 4 _aIPD UK MONTHLY PROPERTY INDEX
651 4 _aUnited Kingdom
_y
690 _aPROPERTY-COMMERCIAL PROPERTY-COMMERCIAL PROPERTY MARKET
856 4 0 _uhttps://www.ipd.com/
_zView this report free of charge under indices at www.ipd.com...
942 _n0
999 _c108437
_d108437